[Event "2BLO 1819 SK Passau - SK Weilheim"]
[Site "?"]
[Date "2019.02.24"]
[Round "8.7"]
[White "Wiesinger, Robert"]
[Black "Hellmayr, Alois"]
[Result "1/2-1/2"]
[WhiteElo "2238"]
[BlackElo "2272"]
[PlyCount "57"]
[EventDate "2019.??.??"]

1. e4 c5 2. Nf3 Nc6 3. Bb5 g6 4. Bxc6 bxc6 5. O-O Bg7 6. Re1 Nh6 7. c3 O-O 8.
d4 cxd4 9. cxd4 d5 10. e5 f6 11. h3 Rb8 12. b3 Nf7 13. Bf4 Rb4 14. a3 Rb7 15.
Nc3 g5 16. Bh2 g4 17. exf6 exf6 18. hxg4 Bxg4 19. Na4 Ng5 20. Nc5 Re7 21. Rxe7
Qxe7 22. Qe1 Nxf3+ 23. gxf3 Qxe1+ 24. Rxe1 Bxf3 25. Re7 Rf7 26. Re8+ Rf8 27.
Re7 Rf7 28. Re8+ Rf8 29. Re7 1/2-1/2

[Event "2BLO 1819 SK Passau - SK Weilheim"]
[Site "?"]
[Date "2019.02.24"]
[Round "8.8"]
[White "Linhart, Wolfgang"]
[Black "Shahin, Walid"]
[Result "1/2-1/2"]
[WhiteElo "2157"]
[BlackElo "2115"]
[PlyCount "75"]
[EventDate "2019.??.??"]

1. d4 d5 2. Nf3 e6 3. e3 Nd7 4. Bd3 Bd6 5. Nbd2 Ngf6 6. O-O c5 7. c3 O-O 8. Re1
Qc7 9. e4 cxd4 10. cxd4 dxe4 11. Nxe4 Nxe4 12. Rxe4 Be7 13. Ne5 b6 14. Bf4 Nxe5
15. Bxe5 Qd7 16. Rc1 f6 17. Bg3 Qd5 18. Re3 f5 19. Bc4 Qb7 20. Be5 Bf6 21. Qb3
f4 22. Rh3 Qe7 23. Bd3 g6 24. Be4 Bxe5 25. dxe5 Rb8 26. Rhc3 Kh8 27. Rc7 Qg5
28. Qa3 Bd7 29. f3 Bb5 30. Qb3 Qxe5 31. Re7 Rbc8 32. Rc3 Rfd8 33. h3 Qd4+ 34.
Kh2 Qf2 35. Rec7 Qg3+ 36. Kg1 Qe1+ 37. Kh2 Qg3+ 38. Kg1 1/2-1/2

[Event "2BLO 1819 SC NT Nürnberg - SC Garching"]
[Site "?"]
[Date "2019.02.24"]
[Round "8.1"]
[White "Stocek, Jiri"]
[Black "Maximov, Dmitry"]
[Result "1/2-1/2"]
[WhiteElo "2588"]
[BlackElo "2482"]
[PlyCount "81"]
[EventDate "2019.??.??"]

1. d4 Nf6 2. c4 g6 3. Nc3 Bg7 4. e4 O-O 5. Be3 d6 6. f3 c5 7. dxc5 dxc5 8. Qxd8
Rxd8 9. Bxc5 Nc6 10. Nge2 Nd7 11. Be3 Nde5 12. Nf4 b6 13. Rc1 e6 14. Be2 Ba6
15. b3 Nb4 16. O-O Rd7 17. a3 Nbc6 18. Nb5 Na5 19. Rb1 Rad8 20. Rfc1 Bf8 21.
Rc2 Rc8 22. Nxa7 Rxa7 23. Bxb6 Bc5+ 24. Bxc5 Rxc5 25. b4 Rxc4 26. Ra2 Nac6 27.
b5 Bxb5 28. Rxb5 Rca4 29. Rb3 Nd4 30. Rc3 Nxe2+ 31. Nxe2 Nc4 32. Nd4 Nxa3 33.
Rc8+ Kg7 34. Nc6 Rb7 35. Kf2 Rb3 36. Ne5 Rb5 37. Ng4 h5 38. Ne3 Rb3 39. Nc2 Rc4
40. Rxc4 Nxc4 41. Nd4 {(=)} 1/2-1/2

[Event "2BLO 1819 SC NT Nürnberg - SC Garching"]
[Site "?"]
[Date "2019.02.24"]
[Round "8.2"]
[White "Milov, Leonid"]
[Black "Hess, Max"]
[Result "1/2-1/2"]
[WhiteElo "2461"]
[BlackElo "2334"]
[PlyCount "116"]
[EventDate "2019.??.??"]

1. e4 e5 2. Nf3 Nc6 3. Bb5 g6 4. c3 a6 5. Bxc6 dxc6 6. d4 exd4 7. cxd4 Bg4 8.
Be3 Bg7 9. Nbd2 Qe7 10. Qc2 Nf6 11. Ne5 O-O 12. O-O Rad8 13. Ndc4 Bc8 14. f3
Nd7 15. Nd3 Rfe8 16. Na5 Nf8 17. Nc5 Bxd4 18. Bxd4 Rxd4 19. Qc3 Red8 20. Naxb7
Bxb7 21. Nxb7 Rd3 22. Qc5 Qxc5+ 23. Nxc5 Rd2 24. b4 Rb2 25. Nb3 Rb8 26. Rf2
Rxf2 27. Kxf2 Rxb4 28. Ke3 Ne6 29. Rc1 Ra4 30. Rc2 c5 31. h4 h5 32. g3 Ra3 33.
Kd3 Nd4 34. Rxc5 Nxb3 35. axb3 Rxb3+ 36. Ke2 Rb7 37. Ra5 Rb6 38. Rc5 c6 39. g4
hxg4 40. fxg4 Kg7 41. Kf3 Kf6 42. Kf4 Ke7 43. h5 gxh5 44. gxh5 Kf6 45. e5+ Kg7
46. Kf5 Rb1 47. Rxc6 Rf1+ 48. Kg5 Rg1+ 49. Kf5 Rf1+ 50. Kg4 Rg1+ 51. Kf3 Rf1+
52. Ke3 Re1+ 53. Kd4 Rd1+ 54. Ke4 Re1+ 55. Kf4 Rf1+ 56. Kg5 Rg1+ 57. Kf5 Rf1+
58. Kg5 Rg1+ 1/2-1/2

[Event "2BLO 1819 SC NT Nürnberg - SC Garching"]
[Site "?"]
[Date "2019.02.24"]
[Round "8.3"]
[White "Renner, Christoph"]
[Black "Yelisieiev, Yevhenii"]
[Result "0-1"]
[WhiteElo "2322"]
[BlackElo "2389"]
[PlyCount "130"]
[EventDate "2019.??.??"]

1. d4 d6 2. e4 Nf6 3. Nc3 e5 4. Nf3 Nbd7 5. Bc4 Be7 6. O-O O-O 7. Re1 c6 8. a4
a5 9. b3 exd4 10. Qxd4 Ne5 11. Bb2 Nfg4 12. Be2 Bf6 13. Qd2 Qb6 14. Nd4 Nd3 15.
Bxd3 Bxd4 16. Nd1 Be6 17. h3 Ne5 18. Bf1 Bxb2 19. Nxb2 Rad8 20. Qe3 Qxe3 21.
Rxe3 f5 22. f4 Ng6 23. g4 Nxf4 24. exf5 Bf7 25. Re7 Rfe8 26. Rxb7 Re3 27. Nd3
Nxh3+ 28. Kg2 Rde8 29. Rd1 h5 30. gxh5 Bxh5 31. Rd2 Bg4 32. Nf2 Bxf5 33. Rxd6
Nf4+ 34. Kh2 Rf3 35. Bc4+ Kh7 36. Rd2 Ree3 37. Rf7 Rg3 38. Bf1 Rg5 39. Nd3 Kg8
40. Rc7 Bxd3 41. cxd3 Rf3 42. Bg2 Rfg3 43. Rc8+ Kf7 44. Bf1 R3g4 45. Rh8 Ke7
46. d4 Ng6 47. Rh3 Kd6 48. Bc4 Nf4 49. Rh8 Nh5 50. Kh3 g6 51. Rd8+ Kc7 52. Rh8
Rg3+ 53. Kh2 R5g4 54. Kh1 Rh3+ 55. Rh2 Rc3 56. Rf2 Rc1+ 57. Kh2 Rh4+ 58. Kg2
Nf4+ 59. Rxf4 Rxf4 60. Ra8 Rc2+ 61. Kg3 Rxd4 62. Rxa5 Rc3+ 63. Kf2 Rd2+ 64. Ke1
Ra2 65. Kd1 Rh3 0-1

[Event "2BLO 1819 SC NT Nürnberg - SC Garching"]
[Site "?"]
[Date "2019.02.24"]
[Round "8.5"]
[White "Koepke, Elena"]
[Black "Promyshlyanskiy, Vitaliy"]
[Result "1/2-1/2"]
[WhiteElo "2296"]
[BlackElo "2285"]
[PlyCount "67"]
[EventDate "2019.??.??"]

1. e4 e5 2. Nf3 Nc6 3. Nc3 Nf6 4. d4 exd4 5. Nxd4 Bb4 6. Nxc6 bxc6 7. Bd3 d5 8.
exd5 cxd5 9. O-O O-O 10. Bg5 Be6 11. Nb5 c5 12. a3 Ba5 13. b4 Bb6 14. bxc5 Bxc5
15. c3 Bd7 16. Nd4 Re8 17. Qf3 Be7 18. Bxf6 Bxf6 19. Qxd5 Qc7 20. Qf3 Rac8 21.
Ba6 Rcd8 22. Rab1 Qa5 23. Bd3 Qxa3 24. Rb7 Qc5 25. Bxh7+ Kxh7 26. Rxd7 Rxd7 27.
Qh3+ Kg8 28. Qxd7 Rd8 29. Qb7 Bxd4 30. cxd4 Qxd4 31. Qa6 Rd6 32. Qc8+ Rd8 33.
Qa6 Rd6 34. Qc8+ 1/2-1/2

[Event "2BLO 1819 SC NT Nürnberg - SC Garching"]
[Site "?"]
[Date "2019.02.24"]
[Round "8.6"]
[White "Walter, Florian"]
[Black "Pitschka, Claus"]
[Result "0-1"]
[WhiteElo "2221"]
[BlackElo "2181"]
[PlyCount "62"]
[EventDate "2019.??.??"]

1. c4 c6 2. Nf3 d5 3. g3 Bg4 4. Qb3 Qb6 5. Qxb6 axb6 6. cxd5 Bxf3 7. exf3 cxd5
8. Nc3 e6 9. Bb5+ Nc6 10. d4 Nge7 11. Be3 Nf5 12. Rc1 Be7 13. g4 Nd6 14. Bd3
Bf6 15. Bf4 Kd7 16. O-O Nxd4 17. Kg2 Nc6 18. Rfd1 Bxc3 19. Rxc3 Rxa2 20. Rb3
Ra4 21. Bd2 h5 22. h3 hxg4 23. hxg4 Ne5 24. Be2 Nec4 25. Bc3 f6 26. Bd4 b5 27.
f4 e5 28. fxe5 fxe5 29. Bc5 Kc6 30. Rbd3 Nxb2 31. Bxd6 Nxd3 0-1

[Event "2BLO 1819 SC NT Nürnberg - SC Garching"]
[Site "?"]
[Date "2019.02.24"]
[Round "8.7"]
[White "Rusche, Johannes"]
[Black "Hoffmann, Sebastian"]
[Result "1/2-1/2"]
[WhiteElo "2291"]
[BlackElo "2188"]
[PlyCount "35"]
[EventDate "2019.??.??"]

1. e4 d5 2. exd5 Qxd5 3. Nc3 Qd8 4. d4 Nf6 5. Nf3 Bg4 6. h3 Bxf3 7. Qxf3 c6 8.
Be3 e6 9. Bd3 Nbd7 10. O-O-O Bb4 11. Ne2 Qa5 12. Kb1 Qd5 13. Qg3 Nh5 14. Qh2
Nb6 15. g4 Nf6 16. Nf4 Qa5 17. c3 Bd6 18. Qg2 1/2-1/2

[Event "2BLO 1819 SC NT Nürnberg - SC Garching"]
[Site "?"]
[Date "2019.02.24"]
[Round "8.8"]
[White "Heimrath, Reiner"]
[Black "Schleich, Markus"]
[Result "0-1"]
[WhiteElo "2238"]
[BlackElo "2210"]
[PlyCount "70"]
[EventDate "2019.??.??"]

1. e4 g6 2. Nf3 Bg7 3. d4 d6 4. c4 Nf6 5. Nc3 O-O 6. h3 e5 7. d5 a5 8. g4 Na6
9. Bg5 Qe8 10. Bd3 Nd7 11. Rg1 Kh8 12. Qd2 Ndc5 13. Bb1 Bd7 14. Nh4 f6 15. Be3
Qe7 16. Ng2 f5 17. exf5 gxf5 18. gxf5 Bxf5 19. Bxf5 Rxf5 20. O-O-O Raf8 21. Kb1
Qf6 22. Ne1 Rh5 23. Nc2 Bh6 24. Rg3 Bf4 25. Rf3 Rf5 26. Rg1 Bxe3 27. Rxe3 Rxf2
28. Qd1 Qf5 29. a3 a4 30. Ree1 Qf3 31. Qc1 Qd3 32. Ne2 Rxe2 33. Rxe2 Qxe2 34.
Qh6 Rf1+ 35. Ne1 Qxe1+ 0-1

[Event "2BLO 1819 SK König Plauen - SK Weilhei"]
[Site "?"]
[Date "2019.03.23"]
[Round "9.1"]
[White "Lehner, Oliver"]
[Black "Kuraszkiewicz, Michael"]
[Result "1-0"]
[WhiteElo "2402"]
[BlackElo "2303"]
[PlyCount "65"]
[EventDate "2019.??.??"]

1. e4 e5 2. Nf3 Nc6 3. Bc4 Nf6 4. d3 Be7 5. O-O d6 6. a4 O-O 7. c3 Kh8 8. Nbd2
Ng8 9. d4 f5 10. dxe5 dxe5 11. Bd5 Nf6 12. Bxc6 bxc6 13. exf5 Qd3 14. Re1 Bd6
15. Nxe5 Qxf5 16. Ndf3 Ng4 17. Nxg4 Qxg4 18. Qd4 Qh5 19. Qh4 Qd5 20. Be3 c5 21.
Rad1 Qb3 22. Nd2 Qc2 23. Ne4 Qxa4 24. b4 Bb7 25. Nxc5 Bxc5 26. Bxc5 Rf6 27. Rd3
a5 28. Bd4 Re6 29. Bxg7+ Kxg7 30. Qd4+ Kf7 31. Rxe6 Kxe6 32. Re3+ Kf7 33. Qf4+
1-0

[Event "2BLO 1819 SK König Plauen - SK Weilhei"]
[Site "?"]
[Date "2019.03.23"]
[Round "9.2"]
[White "Sandner, Gunter"]
[Black "Bayer, Bernhard"]
[Result "1/2-1/2"]
[WhiteElo "2292"]
[BlackElo "2402"]
[PlyCount "93"]
[EventDate "2019.??.??"]

1. d4 Nf6 2. c4 e6 3. g3 Bb4+ 4. Nd2 c5 5. a3 Bxd2+ 6. Qxd2 cxd4 7. Nf3 b6 8.
Bg2 Bb7 9. Qxd4 Nc6 10. Qd3 Ne5 11. Qd4 Nxf3+ 12. Bxf3 Bxf3 13. exf3 d5 14. O-O
Rc8 15. cxd5 Qxd5 16. Qa4+ Qd7 17. Qb3 Qd5 18. Qa4+ Qc6 19. Qxc6+ Rxc6 20. Bd2
Nd5 21. Rfc1 Kd7 22. Kf1 Rhc8 23. Rxc6 Rxc6 24. Rc1 Rxc1+ 25. Bxc1 Kc6 26. Ke2
Ne7 27. Kd3 Kd5 28. Bd2 e5 29. f4 e4+ 30. Kc3 Nf5 31. Be3 h5 32. h3 g6 33. a4
Nd6 34. b3 Nf5 35. g4 hxg4 36. hxg4 Nh6 37. a5 Kc6 38. axb6 axb6 39. g5 Nf5 40.
Kb4 b5 41. Bc5 Ng7 42. Bd4 Ne6 43. Be3 Nc7 44. Kc3 Ne6 45. Kb4 Nc7 46. Kc3 Ne6
47. Kb4 1/2-1/2

[Event "2BLO 1819 SK König Plauen - SK Weilhei"]
[Site "?"]
[Date "2019.03.23"]
[Round "9.3"]
[White "Guttenthaler, Franz"]
[Black "Kunze, Carlo"]
[Result "1/2-1/2"]
[WhiteElo "2326"]
[BlackElo "2251"]
[PlyCount "33"]
[EventDate "2019.??.??"]

1. Nf3 Nf6 2. c4 d6 3. d4 Nbd7 4. Nc3 e5 5. e4 Be7 6. Be2 O-O 7. O-O c6 8. Re1
a6 9. a3 Re8 10. b4 Qc7 11. h3 b5 12. Be3 exd4 13. Qxd4 c5 14. Qd3 bxc4 15.
Qxc4 Bb7 16. Bd3 Rac8 17. Rac1 1/2-1/2

[Event "2BLO 1819 SK König Plauen - SK Weilhei"]
[Site "?"]
[Date "2019.03.23"]
[Round "9.4"]
[White "Pfretzschner, Roland"]
[Black "Deglmann, Ludwig"]
[Result "1/2-1/2"]
[WhiteElo "2226"]
[BlackElo "2272"]
[PlyCount "33"]
[EventDate "2019.??.??"]

1. e4 c5 2. Nf3 Nc6 3. Bb5 g6 4. c3 Bg7 5. d4 cxd4 6. cxd4 Nf6 7. Nc3 d5 8. Ne5
O-O 9. Nxc6 bxc6 10. Bxc6 Rb8 11. e5 Ne4 12. Nxd5 e6 13. Ne3 Qa5+ 14. Bd2 Nxd2
15. Qxd2 Qxd2+ 16. Kxd2 Rxb2+ 17. Kc3 1/2-1/2

[Event "2BLO 1819 SK König Plauen - SK Weilhei"]
[Site "?"]
[Date "2019.03.23"]
[Round "9.5"]
[White "Fuchs, Georg"]
[Black "Hoerr, Matthias"]
[Result "0-1"]
[WhiteElo "2207"]
[BlackElo "2179"]
[PlyCount "108"]
[EventDate "2019.??.??"]

1. e4 c5 2. Nf3 e6 3. b3 b6 4. Bb2 Bb7 5. Bd3 Nc6 6. a3 d6 7. O-O Nf6 8. c4 g6
9. Nc3 Bg7 10. Rc1 O-O 11. Bb1 e5 12. Nd5 Nxd5 13. exd5 Nd4 14. Nxd4 exd4 15.
f4 f5 16. Bd3 Qd7 17. b4 a5 18. bxc5 bxc5 19. Re1 Rfe8 20. Rxe8+ Rxe8 21. Qb3
Bf6 22. a4 Bd8 23. Qb5 Qe7 24. Ba3 Bc8 25. Qb3 Kh8 26. Qd1 Qd7 27. Rb1 Re7 28.
Rb5 Qe8 29. Kf1 Bd7 30. Rb8 Bxa4 31. Qa1 Qd7 32. Bb2 Re8 33. Kg1 Bh4 34. Rxe8+
Qxe8 35. g3 Bd8 36. Kf2 Bb3 37. Qb1 a4 38. Qe1 Qxe1+ 39. Kxe1 Ba5 40. h3 Kg7
41. Be2 Bb4 42. Bd3 Kf6 43. Be2 a3 44. Ba1 Ba5 45. Bd3 Bd8 46. Ke2 Kf7 47. Ke1
Ke8 48. Ke2 Kd7 49. Ke1 Kc7 50. g4 h6 51. gxf5 Bh4+ 52. Ke2 gxf5 53. Kf3 Bd1+
54. Kg2 Be1 {Weiß gibt auf} 0-1

[Event "2BLO 1819 SK König Plauen - SK Weilhei"]
[Site "?"]
[Date "2019.03.23"]
[Round "9.6"]
[White "Zaehringer, Daniel"]
[Black "Wiesinger, Robert"]
[Result "1/2-1/2"]
[WhiteElo "2171"]
[BlackElo "2233"]
[PlyCount "58"]
[EventDate "2019.??.??"]

1. d4 d5 2. c4 dxc4 3. Nf3 Nf6 4. e3 Bg4 5. Bxc4 e6 6. Nc3 Nc6 7. h3 Bh5 8. Be2
Bd6 9. O-O O-O 10. g4 Bg6 11. Nh4 e5 12. f4 exd4 13. exd4 Ne4 14. Nxg6 Nxc3 15.
bxc3 hxg6 16. Bd3 Ne7 17. Qf3 c6 18. Bd2 Bc7 19. Rad1 Qd6 20. Rf2 Rae8 21. h4
b5 22. Qh3 Nd5 23. f5 gxf5 24. Rxf5 Qg3+ 25. Qxg3 Bxg3 26. h5 Re7 27. Kg2 Bc7
28. Kf2 Nf6 29. Kf3 Rfe8 1/2-1/2

[Event "2BLO 1819 SK König Plauen - SK Weilhei"]
[Site "?"]
[Date "2019.03.23"]
[Round "9.7"]
[White "Shahin, Walid"]
[Black "Burian, Simon"]
[Result "1-0"]
[WhiteElo "2102"]
[BlackElo "2039"]
[PlyCount "75"]
[EventDate "2019.??.??"]

1. d4 Nf6 2. c4 g6 3. Nc3 d5 4. cxd5 Nxd5 5. Bd2 Bg7 6. e4 Nb6 7. Be3 O-O 8.
Bb5 a6 9. Be2 Qd6 10. Nf3 Nc6 11. d5 Ne5 12. Nxe5 Bxe5 13. Qd2 Qb4 14. O-O Nc4
15. Bxc4 Qxc4 16. Rac1 Rd8 17. Rfe1 e6 18. Bg5 f6 19. Bf4 Bxf4 20. Qxf4 Rf8 21.
dxe6 Bxe6 22. Nd5 Qxa2 23. Nxf6+ Kg7 24. Rxc7+ Rf7 25. Qe5 Kf8 26. Nxh7+ Kg8
27. Nf6+ Kf8 28. Nd5 Rxc7 29. Nxc7 Re8 30. Qf6+ Bf7 31. Nxe8 Qa5 32. Rc1 Kxe8
33. Qd6 Bc4 34. Qxg6+ Ke7 35. Qg7+ Bf7 36. e5 Qb6 37. Qg5+ Kd7 38. Qf6 1-0

[Event "2BLO 1819 SK König Plauen - SK Weilhei"]
[Site "?"]
[Date "2019.03.23"]
[Round "9.8"]
[White "Linnert, Niklas"]
[Black "Binder, Moriz"]
[Result "1/2-1/2"]
[WhiteElo "2044"]
[BlackElo "2247"]
[PlyCount "93"]
[EventDate "2019.??.??"]

1. e4 e5 2. Nf3 Nc6 3. Bb5 a6 4. Ba4 Nf6 5. O-O Be7 6. Re1 b5 7. Bb3 d6 8. h3
O-O 9. c3 Nb8 10. d4 Nbd7 11. Nbd2 Bb7 12. Bc2 Re8 13. Nf1 Bf8 14. Ng3 g6 15.
a4 c5 16. b3 Qc7 17. d5 c4 18. b4 a5 19. Be3 Reb8 20. axb5 Bc8 21. Qe2 axb4 22.
Rxa8 Rxa8 23. cxb4 Nb6 24. Bxb6 Qxb6 25. Qxc4 Bd7 26. Bd3 Rc8 27. Qb3 Bxb5 28.
Bxb5 Qxb5 29. Nd2 Bh6 30. Ngf1 Kg7 31. g3 Rb8 32. Nc4 Qxb4 33. Qxb4 Rxb4 34.
Nxd6 Kg8 35. Ra1 Bf8 36. Ra8 Kg7 37. Ne8+ Nxe8 38. Rxe8 Rxe4 39. Ne3 Bc5 40.
Ng4 Re1+ 41. Kg2 h5 42. Rxe5 Rd1 43. Ne3 Bxe3 44. fxe3 Kf6 45. Re4 Rxd5 46.
Rf4+ Ke6 47. Kf3 {Weiß bietet remis} 1/2-1/2

[Event "2BLO 1819 Erfurter SK - SC Garching"]
[Site "?"]
[Date "2019.03.23"]
[Round "9.1"]
[White "Hess, Max"]
[Black "Mihok, Oliver"]
[Result "0-1"]
[WhiteElo "2314"]
[BlackElo "2537"]
[PlyCount "128"]
[EventDate "2019.??.??"]

1. Nf3 Nf6 2. g3 g6 3. b3 Bg7 4. Bg2 O-O 5. O-O d6 6. d4 c5 7. c4 e5 8. dxe5
dxe5 9. Bb2 e4 10. Ng5 Qe7 11. Nc3 Bf5 12. Qc1 Nc6 13. Nh3 Nd4 14. Kh1 Rfe8 15.
Nf4 Qd7 16. Qd2 e3 17. fxe3 Nc2 18. Qxd7 Bxd7 19. Bxb7 Rab8 20. Bf3 Nxa1 21.
Bxa1 Rxe3 22. Nd3 Bh3 23. Rc1 Rc8 24. Kg1 Bf5 25. Kf2 Ree8 26. Nb5 Ng4+ 27. Kg1
Re7 28. Nd6 Rcc7 29. Nb5 Rcd7 30. Nxc5 Rd2 31. Bxg7 Kxg7 32. Nc3 Ne5 33. Bd5
Bg4 34. Kf1 Rb2 35. N5a4 Bh3+ 36. Kg1 Rd2 37. Nc5 Nd7 38. Nd3 Bg4 39. c5 Bxe2
40. Nxe2 Rxd3 41. Nf4 Rd2 42. c6 Nb6 43. Bf3 Rc7 44. a4 g5 45. Nh5+ Kg6 46. g4
f5 47. gxf5+ Kxf5 48. Rc5+ Kg6 49. Ng3 h6 50. Rb5 Re7 51. Be4+ Kf7 52. a5 Nc8
53. Bd5+ Kf8 54. Be4 Nd6 55. Rb8+ Kf7 56. Bf3 Rc2 57. Kf1 Re3 58. Bd5+ Ke7 59.
Rb7+ Kf6 60. Rd7 Rd3 61. Rxd6+ Ke5 62. Be4 Rc1+ 63. Ke2 Rxd6 64. b4 Rd4 {
Weiß gibt auf} 0-1

[Event "2BLO 1819 Erfurter SK - SC Garching"]
[Site "?"]
[Date "2019.03.23"]
[Round "9.2"]
[White "Braeuer, Franz"]
[Black "Renner, Christoph"]
[Result "1-0"]
[WhiteElo "2437"]
[BlackElo "2317"]
[PlyCount "125"]
[EventDate "2019.??.??"]

1. e4 e5 2. Nf3 Nc6 3. d4 exd4 4. Nxd4 g6 5. Nxc6 bxc6 6. Bd3 Bg7 7. O-O Ne7 8.
Nd2 O-O 9. Re1 d6 10. Nf3 Rb8 11. c3 c5 12. h3 Nc6 13. Qc2 Be6 14. Bf4 f6 15.
Nd2 Kh8 16. Bc4 Bd7 17. Nf3 Qe7 18. Qd2 a5 19. Bg3 a4 20. Qc2 Rb6 21. Bd5 Na5
22. b4 axb3 23. axb3 Nc6 24. Nd2 Re8 25. Nc4 Rbb8 26. Ra6 Ne5 27. Bxe5 fxe5 28.
Ra7 Rec8 29. Na5 Qe8 30. Nc4 Bf8 31. Ne3 Bh6 32. Qd3 Bxe3 33. Qxe3 Be6 34. Qd3
Bxd5 35. Qxd5 Qg8 36. Qc6 Qd8 37. Rb1 Rb6 38. Qd5 Qg8 39. b4 Qxd5 40. exd5 cxb4
41. cxb4 Kg8 42. Kf1 Rb5 43. Ra5 Rb7 44. Ke2 Kf7 45. b5 h6 46. Rb4 Rcb8 47. Ke3
Ke7 48. Rb1 Rf8 49. Rb4 Kd7 50. Ra3 g5 51. g3 e4 52. Ra2 Re8 53. Kd4 Re5 54.
Ra8 Rf5 55. Rb2 e3 56. fxe3 Rf3 57. Rh8 Rxg3 58. Rxh6 g4 59. Rh7+ Kc8 60. Rh8+
Kd7 61. Rf2 Ke7 62. Rh7+ Ke8 63. Ra2 {Schwarz gibt auf} 1-0

[Event "2BLO 1819 Erfurter SK - SC Garching"]
[Site "?"]
[Date "2019.03.23"]
[Round "9.3"]
[White "Koepke, Christian"]
[Black "Enders, Peter"]
[Result "0-1"]
[WhiteElo "2348"]
[BlackElo "2443"]
[PlyCount "82"]
[EventDate "2019.??.??"]

1. e4 e6 2. d4 d5 3. Nc3 Bb4 4. e5 c5 5. a3 Bxc3+ 6. bxc3 Nc6 7. Qg4 g6 8. Nf3
Qa5 9. Bd2 c4 10. Be2 Bd7 11. O-O O-O-O 12. Qf4 Rf8 13. a4 f5 14. Rfb1 h6 15.
h4 Nge7 16. Bc1 Rh7 17. Rb5 Qa6 18. Ba3 Rfh8 19. Qc1 Kb8 20. Qb2 Nc8 21. Rb1
Nd8 22. Rb4 g5 23. h5 Bc6 24. Nd2 Qa5 25. Qa1 g4 26. Nf1 Nf7 27. Bc1 Ng5 28.
Ng3 Ka8 29. Bf4 Nb6 30. R1b2 Nxa4 31. Ra2 b5 32. Qe1 Rb7 33. Bf1 Qd8 34. Bc1
Ne4 35. Ne2 Qe8 36. f3 gxf3 37. gxf3 Rg8+ 38. Bg2 Rxg2+ 39. Kxg2 Rg7+ 40. Kf1
Qxh5 41. Ng1 Qh1 {Weiß gibt auf} 0-1

[Event "2BLO 1819 Erfurter SK - SC Garching"]
[Site "?"]
[Date "2019.03.23"]
[Round "9.4"]
[White "Haba, Petr"]
[Black "Pitschka, Claus"]
[Result "1-0"]
[WhiteElo "2445"]
[BlackElo "2193"]
[PlyCount "59"]
[EventDate "2019.??.??"]

1. e4 Nf6 2. e5 Nd5 3. d4 d6 4. Nf3 dxe5 5. Nxe5 Nd7 6. Nf3 e6 7. g3 c5 8. Bg2
cxd4 9. O-O Bc5 10. Nxd4 O-O 11. Nb3 Bb6 12. Bd2 Nc5 13. Nxc5 Bxc5 14. Nc3 Nf6
15. Bf4 Bd4 16. Nb5 Bxb2 17. Rb1 e5 18. Be3 Bd4 19. Nxd4 exd4 20. Qxd4 Be6 21.
Bxb7 Bxa2 22. Rb2 Bd5 23. Bxa8 Qxa8 24. Qxa7 Qc8 25. f3 h5 26. Bd4 Qf5 27. Rb8
Nd7 28. Rxf8+ Nxf8 29. Qb8 f6 30. Bc5 {Schwarz gibt auf} 1-0

[Event "2BLO 1819 Erfurter SK - SC Garching"]
[Site "?"]
[Date "2019.03.23"]
[Round "9.5"]
[White "Dehlinger, Alexander"]
[Black "Mueller, Matthias"]
[Result "1/2-1/2"]
[WhiteElo "2281"]
[BlackElo "2389"]
[PlyCount "35"]
[EventDate "2019.??.??"]

1. Nf3 d5 2. d4 e6 3. c4 c5 4. cxd5 exd5 5. g3 Nf6 6. Bg2 Be7 7. O-O O-O 8. Nc3
Nc6 9. Bg5 cxd4 10. Nxd4 h6 11. Be3 Re8 12. Rc1 Bf8 13. a3 Be6 14. Nxc6 bxc6
15. Bd4 Nh7 16. Na4 Qd7 17. Re1 Ng5 18. Bc5 1/2-1/2

[Event "2BLO 1819 Erfurter SK - SC Garching"]
[Site "?"]
[Date "2019.03.23"]
[Round "9.6"]
[White "Voekler, Bernd"]
[Black "Seifert, Volker"]
[Result "1/2-1/2"]
[WhiteElo "2351"]
[BlackElo "2302"]
[PlyCount "49"]
[EventDate "2019.??.??"]

1. e4 e6 2. d4 d5 3. Nc3 Bb4 4. e5 Ne7 5. a3 Bxc3+ 6. bxc3 c5 7. Qg4 O-O 8. Bd3
Qa5 9. Ne2 cxd4 10. Bh6 Ng6 11. h4 Nd7 12. f4 f5 13. Qg3 Rf7 14. h5 Ngf8 15.
O-O dxc3 16. Bg5 Nc5 17. Rfb1 Bd7 18. Rb4 Rc8 19. Kh2 Qc7 20. Qe3 a6 21. Bh4
Nxd3 22. cxd3 c2 23. Be1 Be8 24. Rc1 b5 25. Rb2 1/2-1/2

[Event "2BLO 1819 Erfurter SK - SC Garching"]
[Site "?"]
[Date "2019.03.23"]
[Round "9.7"]
[White "Schmitz, Thorsten"]
[Black "Casper, Thomas"]
[Result "1/2-1/2"]
[WhiteElo "2285"]
[BlackElo "2353"]
[PlyCount "30"]
[EventDate "2019.??.??"]

1. e4 e6 2. d4 d5 3. Bd3 Nc6 4. Nf3 Nb4 5. Nc3 Nxd3+ 6. cxd3 h6 7. Bf4 c6 8. h3
Nf6 9. O-O Be7 10. Re1 O-O 11. Bg3 b6 12. Bh4 Bb7 13. e5 Nd7 14. Bxe7 Qxe7 15.
Qd2 a5 1/2-1/2

[Event "2BLO 1819 Erfurter SK - SC Garching"]
[Site "?"]
[Date "2019.03.23"]
[Round "9.8"]
[White "Myshkin, Nikita"]
[Black "Ruecker, Benjamin"]
[Result "1/2-1/2"]
[WhiteElo "2304"]
[BlackElo "2236"]
[PlyCount "91"]
[EventDate "2019.??.??"]

1. Nf3 Nf6 2. c4 e6 3. g3 d5 4. d4 Be7 5. Bg2 O-O 6. O-O dxc4 7. Qc2 a6 8. a4
Bd7 9. Qxc4 Bc6 10. Bg5 Nbd7 11. Nc3 h6 12. Bxf6 Nxf6 13. Rfe1 Bd5 14. Qd3 c5
15. e4 Bb3 16. d5 exd5 17. e5 Ne4 18. Nxe4 c4 19. Nf6+ Bxf6 20. Qf5 Be7 21. Nd4
Bc5 22. Nxb3 cxb3 23. Rad1 Qc8 24. Qh5 Qc7 25. Rxd5 Rad8 26. Red1 Rxd5 27. Bxd5
Kh7 28. Kg2 Rd8 29. f4 Be3 30. Bxb3 g6 31. Qf3 Rxd1 32. Qxd1 Kg7 33. Qd5 Qc6
34. Bc4 Qxd5+ 35. Bxd5 b6 36. Kf3 Bd4 37. b3 h5 38. h3 a5 39. g4 hxg4+ 40. hxg4
Bc3 41. Ke4 Kf8 42. Bc4 Bd2 43. f5 gxf5+ 44. Kxf5 Ke7 45. g5 Bb4 46. Bd5 {
Weiß bietet remis} 1/2-1/2

[Event "2BLO 1819 Nickelhütte Aue - FC Bayern "]
[Site "?"]
[Date "2019.03.23"]
[Round "9.1"]
[White "Georgiadis, Nico"]
[Black "Papp, Gabor"]
[Result "1/2-1/2"]
[WhiteElo "2525"]
[BlackElo "2599"]
[PlyCount "87"]
[EventDate "2019.??.??"]

1. d4 Nf6 2. c4 e6 3. Nf3 c5 4. d5 exd5 5. cxd5 g6 6. Nc3 d6 7. Bf4 Bg7 8. e3
O-O 9. h3 Na6 10. Bxa6 bxa6 11. Rc1 Rb8 12. b3 Nh5 13. Bh2 f5 14. O-O a5 15.
Re1 Rb4 16. Nd2 f4 17. Nce4 fxe3 18. fxe3 Nf6 19. Nxd6 Nxd5 20. N2e4 Be6 21.
Nxc5 Qe7 22. Nxe6 Qxe6 23. Nc4 Nc3 24. Qc2 Rf5 25. Rf1 Rxf1+ 26. Rxf1 Rb5 27.
Bf4 Rc5 28. Bg3 a4 29. Be1 axb3 30. axb3 Nd5 31. Qd3 Rc8 32. e4 Nf6 33. e5 Nd7
34. Bg3 Nc5 35. Qd6 Qxd6 36. Nxd6 Rb8 37. Rc1 Rxb3 38. Rxc5 Rxg3 39. Rc8+ Bf8
40. Ne4 Re3 41. Nf6+ Kf7 42. Rc7+ Ke6 43. Rxa7 Rxe5 44. Ra6+ 1/2-1/2

[Event "2BLO 1819 Nickelhütte Aue - FC Bayern "]
[Site "?"]
[Date "2019.03.23"]
[Round "9.2"]
[White "Antal, Gergely"]
[Black "Bischoff, Klaus"]
[Result "1/2-1/2"]
[WhiteElo "2552"]
[BlackElo "2511"]
[PlyCount "153"]
[EventDate "2019.??.??"]

1. e4 c5 2. Nf3 d6 3. Bb5+ Nc6 4. Bxc6+ bxc6 5. O-O e5 6. c3 Nf6 7. Re1 Be7 8.
d4 cxd4 9. cxd4 exd4 10. Nxd4 Bd7 11. Nc3 O-O 12. Bf4 Re8 13. Rc1 Bf8 14. Rc2
g6 15. Rd2 Qb6 16. h3 d5 17. exd5 Rxe1+ 18. Qxe1 Re8 19. Qd1 cxd5 20. Be3 Qa6
21. Nc2 Bf5 22. a3 Qb7 23. Bd4 Ne4 24. Nxe4 dxe4 25. Ne3 Be6 26. Bc3 f5 27. Nd5
Kf7 28. Nf6 Rc8 29. Nd5 Rd8 30. Ne3 Rxd2 31. Qxd2 Qd7 32. Qxd7+ Bxd7 33. Kf1
Ke6 34. g3 g5 35. Ng2 Kf7 36. h4 h6 37. hxg5 hxg5 38. Ne3 Ke6 39. Ke1 f4 40.
gxf4 gxf4 41. Nc2 Kf5 42. Bb4 Bg7 43. Bc3 Bh6 44. Bd4 a6 45. Nb4 a5 46. Na6 Bg5
47. Nc5 Bc6 48. Bc3 Bh4 49. Kf1 Kg4 50. Ne6 Bd5 51. Nd4 a4 52. Be1 Kh3 53. Nf5
Bg5 54. Bb4 Kg4 55. Nd4 Bc4+ 56. Kg1 Bh4 57. Be1 Bd8 58. Nc6 Bc7 59. Ba5 Bxa5
60. Ne5+ Kf5 61. Nxc4 Bc7 62. Kf1 Ke6 63. Nd2 Kd5 64. b3 e3 65. fxe3 fxe3 66.
Ke2 Bf4 67. Nb1 axb3 68. Kd3 Kc5 69. Nc3 Bh6 70. Nd1 Kb5 71. Nb2 Bf4 72. Ke2
Be5 73. a4+ Ka6 74. Nc4 Bd4 75. Kd3 Bc5 76. Nxe3 Bxe3 77. Kc3 1/2-1/2